| 000 | 00779nam a22002297a 4500 | ||
|---|---|---|---|
| 005 | 20141201112425.0 | ||
| 010 | _aENG-111246 | ||
| 020 |
_a9788125056140 _c595.00 |
||
| 035 | _aEN-94778 | ||
| 037 | _bDBAD/PUB | ||
| 082 | _a333.95160954 | ||
| 245 |
_aNature without borders / _cedited by Mahesh Rangarajan, M. D. Madhusudan [and] Ghazala Shahabuddin |
||
| 260 |
_aNew Delhi _bOrient Blackswan _c2014 |
||
| 270 |
_a1/24, Asaf Ali Road _bNew Delhi _e110002 |
||
| 300 |
_axii, 270p. _c23cm(Hb) |
||
| 500 | _a Includes bibliographical references (pages 215-254) and index. | ||
| 650 |
_aNature conservation _zIndia. |
||
| 700 | _aRangarajan, Mahesh | ||
| 700 | _aMadhusudan, M. D. | ||
| 700 | _aGhazala Shahabuddin | ||
| 942 |
_2ddc _cEN _mNAT _h333.95160954 |
||
| 999 |
_c90081 _d90081 |
||